| 000 | 00835nam a2200277Ia 4500 | ||
|---|---|---|---|
| 003 | OSt | ||
| 005 | 20220924123829.0 | ||
| 006 | a|||||r|||| 00| 0 | ||
| 007 | ta | ||
| 008 | 220923b |||||||| |||| 00| 0 urd d | ||
| 020 | _a9789386125354 (pbk) | ||
| 020 | _cINR 375.00 | ||
| 024 | _a324790 | ||
| 037 |
_b1878, 24/01/2018, M.R. Publications _cTextual |
||
| 040 |
_aARTS _cARTS _burd |
||
| 041 |
_2urd _aurd |
||
| 082 | _aP168:g, Q6 | ||
| 100 |
_aAkhtar Azeem Au. _9194040 |
||
| 245 | 0 | _aUrdu tau bezaban hai, kis se kare sawal | |
| 260 |
_aNew Delhi _b M.R.publications India _c2016 |
||
| 300 |
_a208p. _ccm. |
||
| 650 |
_a URDU LANGUAGE _9154969 |
||
| 650 |
_aCRITICISM _931425 |
||
| 942 |
_hP168:g, Q6 _cTEXL _2CC |
||
| 999 |
_c417289 _d417289 |
||